Statistics for Massachusetts and Maine towns with the same name

Click here to take the quiz!

General Stats

  • This quiz has been taken 37 times
  • The average score is 25 of 66

Answer Stats

FIrst LetterMA CountyME CountyAnswer% Correct
PPlymouthPenobscotPlymouth
84%
FNorfolkHancockFranklin
63%
HBerkshireHancockHancock
58%
LMiddlesexPenobscotLowell
58%
OWorcesterOxfordOxford
58%
YBarnstableCumberlandYarmouth
58%
AMiddlesexYorkActon
53%
AEssexOxfordAndover
53%
AWorcesterAndroscogginAuburn
53%
ANorfolkFranklinAvon
53%
CSuffolkKennebecChelsea
53%
FBarnstableCumberlandFalmouth
53%
GEssexSagadahocGeorgetown
53%
HWorcesterPenobscotHolden
53%
LMiddlesexPenobscotLincoln
53%
SHampdenPenobscotSpringfield
53%
WBerkshireKnoxWashington
53%
AHampshireHancockAmherst
47%
CWorcesterKennebecClinton
47%
EBristolAroostookEaston
47%
HHampdenPenobscotHampden
47%
WSuffolkKennebecWinthrop
47%
BPlymouthAroostookBridgewater
42%
DNorfolkHancockDedham
42%
MMiddlesexPiscataquisMedford
42%
MWorcesterPenobscotMilford
42%
RPlymouthWaldoRockland
42%
REssexKnoxRockport
42%
SMiddlesexOxfordStow
42%
CHampdenPenobscotChester
37%
LHampdenAroostookLudlow
37%
PBerkshireSomersetPittsfield
37%
PWorcesterWashingtonPrinceton
37%
SMiddlesexLincolnSomerville
37%
SMiddlesexOxfordStoneham
37%
WWorcesterKnoxWarren
37%
WHampdenAroostookWestfield
37%
WMiddlesexAroostookWeston
37%
AMiddlesexAroostookAshland
32%
CNorfolkOxfordCanton
32%
HPlymouthOxfordHanover
32%
LPlymouthPenobscotLakeville
32%
RNorfolkKennebecRandolph
32%
TEssexWashingtonTopsfield
32%
UWorcesterOxfordUpton
32%
BMiddlesexWaldoBelmont
26%
BMiddlesexPenobscotBurlington
26%
HMiddlesexPenobscotHudson
26%
LMiddlesexAroostookLittleton
26%
MPlymouthWashingtonMarshfield
26%
MNorfolkPenobscotMedway
26%
MFranklinWaldoMonroe
26%
OBerkshireHancockOtis
26%
WMiddlesexHancockWaltham
26%
BNorfolkHancockBrooklin(e)
21%
MHampdenPiscataquisMonson
21%
NFranklinWashingtonNorthfield
21%
PPlymouthWashingtonPembroke
21%
SMiddlesexPiscataquisShirley
21%
WHampdenAndroscogginWales
21%
GWorcesterKennebecGard(i)ner
16%
PBerkshireOxfordPeru
16%
WBerkshireKennebecWindsor
16%
RBerkshireSagadahocRichmond
11%
DNorfolkPiscataquisDover(-Foxcroft)
5%
WBristolLincolnWestport (Island)
5%

Score Distribution

Percentile by Number Answered

Percent of People with Each Score

Your Score History

You have not taken this quiz